Sports Quiz

Random Sports or Football Quiz
Score 0/11 Timer 02:00
1 Play Today
Super Bowl Opponent % Correct
Super Bowl LIIPhiladelphia Eagles
96.9%
Super Bowl LIIILos Angeles Rams
96.8%
Super Bowl XLIINew York Giants
96.3%
Super Bowl XLVINew York Giants
96.3%
Super Bowl LIAtlanta Falcons
95%
Super Bowl XLIXSeattle Seahawks
94.7%
Super Bowl XXXVISt. Louis Rams
88.3%
Super Bowl XXXIXPhiladelphia Eagles
85.5%
Super Bowl XXXIGreen Bay Packers
83.8%
Super Bowl XXXVIIICarolina Panthers
81.6%
Super Bowl XXChicago Bears
77.5%
Remove Ads.
Support Sporcle.
Get the best of Sporcle when you Go Orange. This ad-free experience offers more features, more stats, and more fun while also helping to support Sporcle. Thank you for becoming a member.

You're not logged in!

Compare scores with friends on all Sporcle quizzes.
OR
Log In

Sporcle TV

Today on Sporcle TV


Watch our educational content, quiz creation guides, and fun videos on Sporcle TV.

Show Comments

Extras

Top Quizzes Today


Score Distribution

Paid Content

Your Account Isn't Verified!

In order to create a playlist on Sporcle, you need to verify the email address you used during registration. Go to your Sporcle Settings to finish the process.

Report this User

Report this user for behavior that violates our Community Guidelines.

Details: